000 00631cam a22002292a 4500
999 _c28472
_d28472
001 022775
003 AR-FADEU
005 20220405151831.0
008 311216n1998####xxu####################dd
020 _a950-29-0412-5
040 _cBiblioteca Ernesto Sábato
092 _a401.432
_bM298r
_eBDGR
100 _aMarafioti, Roberto, comp.
245 _aRecorridos semiológicos : signos, enunciación y argumentación
260 _aBuenos Aires
260 _bEudeba
260 _c1998
300 _a279 p. : il
500 _aSemiología -- Incluye bibliografía
650 _aARGUMENTACION/NS/
942 _cBDGR
_2ddc